Sharp objects : (Record no. 3436)

MARC details
000 -LEADER
fixed length control field 01529cam a2200337 a 4500
001 - CONTROL NUMBER
control field 3436
003 - CONTROL NUMBER IDENTIFIER
control field FISKH
005 - DATE AND TIME OF LATEST TRANSACTION
control field 20240305143913.0
008 - FIXED-LENGTH DATA ELEMENTS--GENERAL INFORMATION
fixed length control field 051130s2006 nyu 000 1 eng
010 ## - LIBRARY OF CONGRESS CONTROL NUMBER
LC control number 2005035046
020 ## - INTERNATIONAL STANDARD BOOK NUMBER
International Standard Book Number 0307341542
020 ## - INTERNATIONAL STANDARD BOOK NUMBER
International Standard Book Number 9780307341549
020 ## - INTERNATIONAL STANDARD BOOK NUMBER
International Standard Book Number 9780525575740
035 ## - SYSTEM CONTROL NUMBER
System control number (OCoLC)ocm62421250
040 ## - CATALOGING SOURCE
Original cataloging agency DLC
Transcribing agency DLC
Modifying agency IG#
-- BAKER
-- WIQ
-- NPL
-- VP@
-- YDXCP
-- OCLCQ
-- DLC
Language of cataloging eng
043 ## - GEOGRAPHIC AREA CODE
Geographic area code n-us-mo
050 00 - LIBRARY OF CONGRESS CALL NUMBER
Classification number PS3606.L935
Item number S53 2006
082 00 - DEWEY DECIMAL CLASSIFICATION NUMBER
Classification number 813/.6
Edition number 22
100 1# - MAIN ENTRY--PERSONAL NAME
Personal name Flynn, Gillian,
Dates associated with a name 1971-
245 10 - TITLE STATEMENT
Title Sharp objects :
Remainder of title a novel /
Statement of responsibility, etc. Gillian Flynn.
260 ## - PUBLICATION, DISTRIBUTION, ETC.
Place of publication, distribution, etc. New York :
Name of publisher, distributor, etc. Shaye Areheart Books,
Date of publication, distribution, etc. 2006.
300 ## - PHYSICAL DESCRIPTION
Extent 254 pages ;
Dimensions 25 cm.
520 ## - SUMMARY, ETC.
Summary, etc. WICKED above her hipbone, GIRL across her heart Words are like a road map to reporter Camille Preaker’s troubled past. Fresh from a brief stay at a psych hospital, Camille’s first assignment from the second-rate daily paper where she works brings her reluctantly back to her hometown to cover the murders of two preteen girls. NASTY on her kneecap, BABYDOLL on her leg Since she left town eight years ago, Camille has hardly spoken to her neurotic, hypochondriac mother or to the half-sister she barely knows: a beautiful thirteen-year-old with an eerie grip on the town.
650 #0 - SUBJECT ADDED ENTRY--TOPICAL TERM
Topical term or geographic name entry element Women journalists
Form subdivision Fiction.
651 #0 - SUBJECT ADDED ENTRY--GEOGRAPHIC NAME
Geographic name Missouri
Form subdivision Fiction.
655 #0 - INDEX TERM--GENRE/FORM
Genre/form data or focus term Domestic fiction.
655 #7 - INDEX TERM--GENRE/FORM
Genre/form data or focus term Suspense fiction.
Source of term gsafd
906 ## - LOCAL DATA ELEMENT F, LDF (RLIN)
a 7
b cbc
c orignew
d 1
e ecip
f 20
g y-gencatlg
942 ## - ADDED ENTRY ELEMENTS (KOHA)
Source of classification or shelving scheme Dewey Decimal Classification
Koha item type Books
Suppress in OPAC No
Holdings
Withdrawn status Lost status Source of classification or shelving scheme Damaged status Not for loan Collection Home library Current library Shelving location Date acquired Total Checkouts Full call number Barcode Date last seen Date last checked out Price effective from Koha item type
    Dewey Decimal Classification     Fiction Footprints International School Library Network Toul Kork Campus Footprints International School Library Network Toul Kork Campus   03/05/2024 1 FLY Fic PS3606.L935 2024-0215 03/02/2026 02/05/2026 03/05/2024 Books